Normal view
MARC view
Entry Topical Term
001 - CONTROL NUMBER
- control field: 19334
003 - CONTROL NUMBER IDENTIFIER
- control field: OSt
005 - DATE AND TIME OF LATEST TRANSACTION
- control field: 20211105134406.0
008 - FIXED-LENGTH DATA ELEMENTS
- fixed length control field: 211105|| aca||aabn | a|a d
040 ## - CATALOGING SOURCE
- Original cataloging agency: OSt
- Transcribing agency: OSt
150 ## - HEADING--TOPICAL TERM
- Topical term or geographic name entry element: Research papers
670 ## - SOURCE DATA FOUND
- Source citation: Work cat.: (OSt): Indian National Science Academy 10909, Profiles in scientific research:contributions of the fellows, vol.2(Plant Sciences,Animal Sciences,Medical Sciences, Bio, 1986